| 000 | 00742nam a2200217 a 4500 | ||
|---|---|---|---|
| 001 | 000043161 | ||
| 005 | 20201002040702.0 | ||
| 008 | 140220s1994 sp ac 000 0 spa d | ||
| 020 | _a8479791535 | ||
| 040 |
_aDO-SdBNP _bspa _cBNPHU |
||
| 082 |
_axxx _bxxx |
||
| 100 | 1 |
_aBabelon, Jean, _c1889- _970729 |
|
| 240 | 1 | 0 |
_aCervantes. _lEspañol |
| 245 | 1 | 0 |
_aCervantes / _cJean Babelon ; traducido del frances por Luis Echávarri. |
| 260 |
_aMadrid : _bLosada, _bAnaya & Mario Muchnik, _c1994. |
||
| 300 |
_a236, [25] p. : _bil., retrs. ; _c24 cm. |
||
| 490 | 1 |
_aCurriculum _aAnaya & Mario Muchnik |
|
| 500 | _aHistorama de Cervantes: p. [237-261]. | ||
| 700 | 1 | 2 |
_aEchávarri, Luis _etr. _913631 |
| 830 | 0 |
_aCurriculum _pAnaya & Mario Muchnik _970730 |
|
| 999 |
_c42650 _d42650 |
||